Về công trình nghiên cứu khoa học nghệ thuật "Cơ sở khoa học và lý luận đạo diễn trong giảng dạy sân khấu" /

में बचाया:
ग्रंथसूची विवरण
मुख्य लेखक: Trần Trọng Đăng Đàn.
स्वरूप: लेख
भाषा:Vietnamese
विषय:
टैग : टैग जोड़ें
कोई टैग नहीं, इस रिकॉर्ड को टैग करने वाले पहले व्यक्ति बनें!
Thư viện lưu trữ: Thư viện Trường Đại học Đà Lạt
LEADER 00879nam a2200265 4500
001 DLU090066082
005 ##20090427
040 # # |a DLU  |b vie 
041 # # |a vie 
044 # # |a vn 
100 # # |a Trần Trọng Đăng Đàn. 
245 # # |a Về công trình nghiên cứu khoa học nghệ thuật "Cơ sở khoa học và lý luận đạo diễn trong giảng dạy sân khấu" /  |c Trần Trọng Đăng Đàn. 
653 # # |a Công trình nghiên cứu 
653 # # |a Lý luận khoa học 
653 # # |a Nghệ thuật sân khấu 
773 # # |t Khoa học Xã hội  |g Số 18, 1993, tr. 29-32 
920 # # |a Phòng Tạp chí -- Trung tâm Thông tin - Thư viện Trường Đại học Đà Lạt 
994 # # |a DLU 
900 # # |a True 
911 # # |a Nguyễn Thanh Hương 
925 # # |a G 
926 # # |a A 
927 # # |a BB 
980 # # |a Thư viện Trường Đại học Đà Lạt